| 000 | 00436nam a2200145Ia 4500 | ||
|---|---|---|---|
| 008 | 151021s9999 xx 000 0 und d | ||
| 020 | _a9.7802737138e+012 | ||
| 050 | _aHF5437.P7995 2008 | ||
| 245 | _a_Procurement Principles and Management (10th ed) | ||
| 260 | _aEngland Pearson Education 2008 | ||
| 300 | _axv,448p.:ill | ||
| 500 | _aInclude Index | ||
| 650 | _a_ Purchasing-Management | ||
| 980 | _a^d20110121 02:48:37^okilerai | ||
| 999 |
_c6381 _d6381 |
||